000
00269nam a22001217a 4500
008
170207b xxu||||| |||| 00| 0 eng d
041
_a
eng
080
_a
61
100
_a
4
101
_a
shm
245
_a
SANAPIA COMACHE MEDICINE WOMEN
_c
DAVID JONES
942
_2
udc
_c
BK
999
_c
4819
_d
4819